| 000 | 00569nam a2200169 i 4500 | ||
|---|---|---|---|
| 001 | 78260 | ||
| 003 | ES-MaACL | ||
| 005 | 20230906173630.0 | ||
| 007 | t| | ||
| 008 | 041013s1953 sp ||||1| spa d | ||
| 100 | 1 |
_aHartt, Frederick. _962002 |
|
| 245 | 1 | 0 |
_aSandro Botticelli (1444/115-1510) / _ctexto de Frédéric Hartt ; versión castellana de R. Santos Torroella. |
| 260 |
_aBarcelona : _bArgos, _c[1953] ( _fAgustín Núñez) |
||
| 300 |
_a9 h., 44 lám. : _bil. ; _c17 cm. |
||
| 700 | 1 |
_aSantos Torroella, Rafael. _9103536 |
|
| 852 |
_aES-MaACL _jC-11678 _bR.38699 |
||
| 999 |
_c78260 _d78260 |
||